000 01028nam a2200313 i 4500
001 37140
003 BD-RjUL
005 20211209052600.0
008 141019s1979 coua b 001 0 eng
020 _a0891583610 :
_a0891583629
035 _a(BD-RjUL)37242
040 _aDLC
_cDLC
_dDLC
_dBD-RjUL
_beng
041 _aeng
082 0 0 _a338.18
_bCHR 1979
100 1 _aChandler, Robert F.
_q(Robert Flint),
_d1907-
_9113572
245 1 0 _aRice in the tropics :
_ba guide to the development of national programs /
_cRobert F. Chandler, Jr.
260 _aBoulder, Colo. :
_bWestview Press,
_c1979.
300 _axix, 256 p. :
_bill. ;
_c24 cm.
490 1 _aIADS development-oriented literature series
500 _aIncludes index.
504 _aBibliography: p. 229-247.
650 0 _aRice.
_946490
650 0 _aAgriculture and state.
_911547
650 0 _aRice
_xTropics.
_9113573
830 0 _aIADS development-oriented literature series.
_9113575
942 _2ddc
_cBK
999 _c37140
_d37140